| 000 | 00670nam a2200229 a 4500 | ||
|---|---|---|---|
| 001 | BRCA_6400 | ||
| 005 | 20190320205435.0 | ||
| 008 | 070911s1963----gw-#######---#000-0#ger-# | ||
| 041 | _ager | ||
| 044 | _agw | ||
| 050 | 4 |
_aPG5038 _b.H28 2 1963 |
|
| 100 | 1 |
_aHasek, Jaroslav _d1883-1923. _916009 |
|
| 245 | 1 | 0 |
_aDie Abenteuer des Braven Soldaten Schwejk _cJaroslav Hasek ; illustriert von Josef Lada. |
| 260 |
_aAlemania _bRowohlt _c1963 |
||
| 300 |
_a336 p. (v.2) _bil. _c19 cm. |
||
| 500 | _aVer también CDE5 | ||
| 500 | _aCDE12 | ||
| 650 | 1 | 4 |
_aPrimera Guerra Mundial _vFicción _y1914-1918 _916010 |
| 700 | 1 |
_aLada, Josef _916011 |
|
| 902 | _aGFM | ||
| 942 |
_2lcc _cB |
||
| 999 |
_c6085 _d6085 |
||